|
|
|
|
| LEADER |
01368cam a2200397 a 4500 |
| 001 |
001555 |
| 003 |
AR-BeUNQ |
| 005 |
20230228083135.0 |
| 007 |
ta |
| 008 |
950714s1994 ag 000 0 spa d |
| 999 |
|
|
|c 4356
|d 79743
|
| 020 |
|
|
|a 9502521707
|
| 020 |
|
|
|a 9502521714
|
| 040 |
|
|
|a AR-BeUNQ
|b spa
|c AR-BeUNQ
|e aacr
|
| 099 |
|
|
|a 03-S9
|
| 245 |
0 |
0 |
|a Mujeres y filosofía :
|b teoría filosófica de género /
|c María Isabel Santa Cruz ... [et al.].
|
| 260 |
|
|
|a Buenos Aires :
|b Centro Editor de América Latina,
|c 1994.
|
| 490 |
0 |
|
|a Los fundamentos de las ciencias del hombre ;
|v v. 146-147
|
| 650 |
|
7 |
|a Psicología social
|2 spines
|
| 650 |
|
7 |
|a Sociología
|2 spines
|
| 650 |
|
7 |
|a Mujeres
|2 spines
|
| 650 |
|
7 |
|a Movimientos feministas
|2 spines
|
| 650 |
|
7 |
|a Discriminación sexual
|2 spines
|
| 650 |
|
7 |
|a Filosofías contemporáneas
|2 spines
|
| 650 |
|
7 |
|a Análisis del discurso
|2 spines
|
| 650 |
|
7 |
|a Filosofía de la ciencia
|2 spines
|
| 650 |
|
7 |
|a Poder social
|2 spines
|
| 650 |
|
7 |
|a Valores socioculturales
|2 spines
|
| 650 |
|
7 |
|a Doctrinas filosóficas
|2 spines
|
| 700 |
1 |
|
|a Santa Cruz, María Isabel
|
| 700 |
1 |
|
|a Bach, Ana María
|9 3882
|
| 700 |
1 |
|
|a Femenías, María Luisa
|
| 700 |
1 |
|
|a Gianella, Alicia
|
| 700 |
1 |
|
|a Roulet, Margarita
|
| 929 |
|
|
|a COMPRA
|b Centro Editor de América Latina
|c Exp. 827-0465/95
|d 5,60
|e 19950714
|j 12024
|
| 942 |
|
|
|c LIB
|n 0
|